000 02670cam a22005173u 4500
001 ssib046879810
003 EG-ScBUE
005 20250224095743.0
008 220218t2020 maua f 000 0 eng d
020 _a9781633228900
040 _aEG-ScBUE
_beng
_erda
_cEG-ScBUE
_dEG-ScBUE
082 0 4 _222
_a741.58
_bBLA
100 1 _aBlair, Preston,
_eauthor.
245 1 0 _aCartoon Animation /
_cwith Preston Blair.
246 3 4 _aCartoon Animation :
_bLearn Techniques for Drawing and Animating Cartoon Characters
250 _aRevised edition.
264 1 _aBeverly, MA :
_bQuarto Publishing Group,
_c[2020]
264 4 _cc2020
300 _a128 pages :
_billustrations (some color) ;
_c28 cm
336 _2rdacontent
_atext
_btxt
337 _2rdamedia
_aunmediated
_bn
338 _2rdacarrier
_avolume
_bnc
506 _aAvailable on campus and off campus with authorized login.
650 _2BUEsh
_aAnimated films
_vJuvenile literature.
650 7 _2BUEsh
_aAnimation (Cinematography)
653 _cFebruary2025
_bART
655 _vReading book
856 4 0 _aSOUTHEAST
_uhttps://BZ6FJ9FL8E.search.serialssolutions.com/ejp/?libHash=BZ6FJ9FL8E#/search/?searchControl=title&searchType=title_code&criteria=TC_046879810
856 4 0 _aBLOOMINGTON
_uhttps://KG6EK7CQ2B.search.serialssolutions.com/ejp/?libHash=KG6EK7CQ2B#/search/?searchControl=title&searchType=title_code&criteria=TC_046879810
856 4 0 _aEAST
_uhttps://MN3KU4AR6Y.search.serialssolutions.com/ejp/?libHash=MN3KU4AR6Y#/search/?searchControl=title&searchType=title_code&criteria=TC_046879810
856 4 0 _aNORTHWEST
_uhttps://PS6EE4GK2T.search.serialssolutions.com/ejp/?libHash=PS6EE4GK2T#/search/?searchControl=title&searchType=title_code&criteria=TC_046879810
856 4 0 _aINDIANAPOLIS
_uhttps://RX8KL6YF4X.search.serialssolutions.com/ejp/?libHash=RX8KL6YF4X#/search/?searchControl=title&searchType=title_code&criteria=TC_046879810
856 4 0 _aKOKOMO
_uhttps://TE6UZ4HK6Z.search.serialssolutions.com/ejp/?libHash=TE6UZ4HK6Z#/search/?searchControl=title&searchType=title_code&criteria=TC_046879810
856 4 0 _aSOUTH BEND
_uhttps://TT5XG8QF8P.search.serialssolutions.com/ejp/?libHash=TT5XG8QF8P#/search/?searchControl=title&searchType=title_code&criteria=TC_046879810
856 4 0 _aCOLUMBUS
_uhttps://RX8KL6YF4X.search.serialssolutions.com/ejp/?libHash=RX8KL6YF4X#/search/?searchControl=title&searchType=title_code&criteria=TC_046879810
942 _2ddc
_cBB
949 _hseasebook
949 _hwellsebook
949 _heaebook
949 _hnwstebook
949 _hulebook
949 _hkokoebook
949 _hsbenebook
949 _hcoebook
999 _c30920
_d30891